000 00692nam a22001457a 4500
999 _c533252
_d533252
008 260505b ||||| |||| 00| 0 eng d
100 _aBandopadhyay, Shrestha
_960374
245 _aRe-imagining the aged body: Care, agency, and the question of representation
260 _aEconomic & Political Weekly
300 _a61(16), Apr 18, 2026: p.24-25
520 _aCultures of Ageing and Ageism in India edited by Paromita Chakravarti and Kaustav Bakshi, New Delhi: Routledge, 2024; pp 269, ₹1,295 (Hardcover).-Reproduced https://www.epw.in/journal/2026/16/book-reviews/re-imagining-aged-body.html
773 _aEconomic & Political Weekly
906 _aBOOK REVIEW
942 _cAR